| 000 | 01021nam a2200301 i 4500 | ||
|---|---|---|---|
| 001 | bg | ||
| 003 | BPK | ||
| 005 | 20210825145543.0 | ||
| 008 | 980713s1997 pl a |000 0 pol | ||
| 015 | _aPB 1997/4438 | ||
| 020 | _a8385393463 | ||
| 040 |
_aWA N _cBPK |
||
| 080 | _a342.951(438) | ||
| 080 | _a351.81(438) | ||
| 080 | _a629.114.6(438) | ||
| 080 | _a625.712(438) | ||
| 080 | _a629.119(438) | ||
| 100 | 1 |
_aKorzeniewski, Władysław _eAutor |
|
| 245 | 1 | 0 |
_aParkingi i garaże dla samochodów osobowych : _bwymagania techniczno-prawne / _cWładysław Korzeniewski. |
| 250 | _aStan prawny na dzień 1 stycznia 1997 r. | ||
| 260 |
_aWarszawa : _bCentralny Ośrodek Informacji Budownictwa, _c1997. |
||
| 300 |
_a109, [1] s. : _brys. ; _c21 cm. |
||
| 504 | _aBibliogr. s. 108-109. | ||
| 650 | 4 |
_aGaraże _xprawo _zPolska. |
|
| 650 | 4 |
_aParkingi _xprawo _zPolska. |
|
| 856 |
_uhttp://koha.tu.koszalin.pl/cgi-bin/koha/opac-detail.pl?biblionumber=34145 _yKatalog online BPK |
||
| 942 |
_2UKD _cKS |
||
| 999 |
_c34145 _d34145 |
||